000 01448cam a22003857a 4500
999 _c522845
_d522845
001 14633402
003 NUST
005 20190124095516.0
008 061114s2006 enka b 001 0 eng d
010 _a 2006299542
015 _aGBA663045
_2bnb
016 7 _a013512488
_2Uk
020 _a1841769339 (hbk.)
020 _a9781841769332
035 _a(OCoLC)ocm70672467
035 _a(OCoLC)70672467
038 _aTanveer
040 _aUKM
_cUKM
_dBAKER
_dC#P
_dDLC
042 _alccopycat
050 0 0 _aUB270
_b.C76 2006
082 0 4 _a355.3432
_222
_bCRO
100 1 _aCrowdy, Terry.
_913152
245 1 4 _aThe Enemy Within :
_ba history of espionage /
_cTerry Crowdy.
260 _aOxford ;
_aNew York :
_bOsprey,
_c2006.
300 _a368 p. :
_bill. (some col.) ;
_c25 cm.
504 _aIncludes bibliographical references (p. 355-357) and index.
650 0 _aEspionage
_xHistory.
_913153
650 0 _aMilitary intelligence
_xHistory.
_913154
856 4 1 _3Table of contents only
_uhttp://www.loc.gov/catdir/toc/fy0704/2006299542.html
856 4 2 _3Contributor biographical information
_uhttp://www.loc.gov/catdir/enhancements/fy0709/2006299542-b.html
856 4 2 _3Publisher description
_uhttp://www.loc.gov/catdir/enhancements/fy0709/2006299542-d.html
906 _a7
_bcbc
_ccopycat
_d2
_encip
_f20
_gy-gencatlg
942 _2ddc
_cBK